Deer Species by Picture - Statistics

General Stats
  • This quiz has been taken 49 times
  • The average score is 6 of 16
Answer Stats
Picture Answer % Correct
moose
97%
mule deer
75%
fallow deer
64%
red deer
61%
roe deer
58%
blacktail deer
44%
white-tailed deer
42%
axis deer
36%
rocky mountain elk
36%
sika deer
28%
hog deer
14%
water deer
14%
woodland caribou
14%
sambar deer
11%
siberian musk deer
11%
northern red muntjac
6%
No matching quizzes found
Score Distribution
Percent of People with Each Score
Percentile by Number Answered
Your Score History
You have not taken this quiz